000 00717nam a22002177a 4500
003 UA-OsUOA
001 119323
007 ta
008 20161019b un ||||| |||| 00| 0 ukr d
100 _aЛімборський І.
090 _a82
_bЛ67
942 _cSA
040 _aUA-OsUOA
_bukr
_cUA-OsUOA
_dUA-OsUOA
245 _aКультурний трансфер філософської естетики Гегеля в українській літературно-критичній думці першої половини ХІХ ст.
300 _aС.3-12
955 _a0
041 _aukr
080 _a82
773 0 _w119322
650 7 _a82 Література. Літературознавство
_2UDC
999 _c405457
_d405457